000 00935cam a2200277 a 4500
001 000005266
005 20200929151627.0
008 981009s2000 sp a b 001 1 spa
020 _a8437616069
040 _aDO-SdBNP
_bspa
_cBNPHU
082 _a863.6
_bB644ba, 2000
100 1 _aBlasco Ibáñez, Vicente,
_d1867-1928
_915017
245 1 3 _aLa barraca /
_cVicente Blasco Ibáñez ; edición de José Mas y María Teresa Mateu.
250 _a2a ed.
260 _aMadrid :
_bCátedra,
_c2000.
300 _a227 p. :
_bil. ;
_c18 cm.
440 0 _aLetras hispánicas ;
_v440
_94208
504 _aIncluye referencias bibliográficas (p. 55-57).
650 4 _aNovela española
_91123
650 4 _aLiteratura española
_9632
600 1 0 _aBLASCO IBÁÑEZ, VICENTE,
_d1867-1928.
_tBARRACA
_915018
700 1 _aMas, José,
_eed.
_915019
700 1 _aMateu, María Teresa,
_eed.
_915020
910 _aCatalogación derivada
910 _aWM
999 _c5067
_d5067